00556nam a2200169Ia 4500008004100000040001900041041001200060082007800072100002500150245005800175260003300233300002100266630005000287650002300337651001600360850001000376131103s9999 xx 000 0 und d aLoreto College aEnglish a891.432/PRAb- AGR LCLIB/HinSemLib505,506,507,508/45360,45361,45362,45363 aAgrawal,Krishnamohan a'Prasad' aur unki DhruwaswaminicKrishnamohan Agrawal aDelhibRegal Book Depoc2003 a269 p. c 17 cm. aDhruba Swamini - Criticism and Interpretation aPrasad,Jayashankar aHindi Drama aLCLIB